ბათუმის შოთა რუსთაველის სახელმწიფო უნივერსიტეტის ბიბლიოთეკა

Edible Wild Plants: A North American Field Guide to Over 200 Natural Foods (ბიბ.ჩანაწერი № 45199)

000 -LEADER
fixed length control field 00605nam a2200217Ia 4500
001 - CONTROL NUMBER
control field 12022
003 - CONTROL NUMBER IDENTIFIER
control field GE_BSU
008 - FIXED-LENGTH DATA ELEMENTS--GENERAL INFORMATION
fixed length control field 181216s||||||||xx |||||||||||||| ||und||
020 ## - INTERNATIONAL STANDARD BOOK NUMBER
International Standard Book Number 9781402767159
040 ## - CATALOGING SOURCE
Transcribing agency GE_BSU
080 ## - UNIVERSAL DECIMAL CLASSIFICATION NUMBER
Universal Decimal Classification number 581.6(479.22)
100 ## - MAIN ENTRY--PERSONAL NAME
Personal name Elias, Thomas S. Peter A. Dykeman
245 ## - TITLE STATEMENT
Title Edible Wild Plants: A North American Field Guide to Over 200 Natural Foods
260 ## - PUBLICATION, DISTRIBUTION, ETC.
Place of publication, distribution, etc. New York
260 ## - PUBLICATION, DISTRIBUTION, ETC.
Name of publisher, distributor, etc. Sterling
260 ## - PUBLICATION, DISTRIBUTION, ETC.
Date of publication, distribution, etc. 2009
300 ## - PHYSICAL DESCRIPTION
Extent 286p.ill.21cm.
653 ## - INDEX TERM--UNCONTROLLED
Uncontrolled term Edible Wild Plants: A North American Field Guide to Over 200 Natural Foods
942 ## - ADDED ENTRY ELEMENTS (KOHA)
Koha item type წიგნი
ეგზემპლარები
Withdrawn status Lost status Damaged status Not for loan Date acquired Barcode Date last seen Price effective from Koha item type
        2018-12-17 35933 2018-12-17 2018-12-17 წიგნი
        2018-12-17 35934 2018-12-17 2018-12-17 წიგნი